Convenient prevention of flea beetle on chinese kale , វិថានការសមស្របសំរាប់គ្រប់គ្រងសត្វទាកគូ នៅលើដំណាំខាត់ណាដើម (Record no. 7830)

000 -LEADER
fixed length control field 00619nam a22001577a 4500
003 - CONTROL NUMBER IDENTIFIER
control field OSt
005 - DATE AND TIME OF LATEST TRANSACTION
control field 20160325094957.0
008 - FIXED-LENGTH DATA ELEMENTS--GENERAL INFORMATION
fixed length control field 160325b xxu||||| |||| 00| 0 eng d
040 ## - CATALOGING SOURCE
Transcribing agency RUA
082 ## - DEWEY DECIMAL CLASSIFICATION NUMBER
Classification number AGR CHE 2010 B471 Or.1
100 ## - MAIN ENTRY--PERSONAL NAME
9 (RLIN) 8211
Personal name CHEA BUNLENG ; ជា ប៊ុនឡេង
245 ## - TITLE STATEMENT
Title Convenient prevention of flea beetle on chinese kale , វិថានការសមស្របសំរាប់គ្រប់គ្រងសត្វទាកគូ នៅលើដំណាំខាត់ណាដើម
260 ## - PUBLICATION, DISTRIBUTION, ETC. (IMPRINT)
Place of publication, distribution, etc. Phnom Penh
Name of publisher, distributor, etc. RUA
Date of publication, distribution, etc. 2010
300 ## - PHYSICAL DESCRIPTION
Extent xii ;48p.
Other physical details ill.
Dimensions 29cm.
942 ## - ADDED ENTRY ELEMENTS (KOHA)
Source of classification or shelving scheme
Koha item type AGR
Holdings
Price effective from Date last seen Permanent Location Not for loan Date acquired Source of classification or shelving scheme Koha item type Lost status Withdrawn status Total Renewals Date last checked out Total Checkouts Shelving location Damaged status Barcode Current Location Full call number
2016-03-252020-12-01Library Block B 2016-03-25 AGR  12020-11-172B471 RUA057494Library Block BAGR CHE 2010 B471 Or.1
មជ្ឈមណ្ឌលឯការនៃសាកលវិទ្យាល័យភូមិន្ទកសិកម្មចំការដូង

Powered by Koha